00473nam a22001577a 450000500170000001000150001702000260003203500130005803700130007108200100008410000240009424500680011826000370018627000680022330000240029120150521120220.0 aENG-112699 a9789382630074c995.00 aEN-96231 bDBAD/PUB a891.4 aKrishna Kant Singh  aA companion to short literary essays / cby Krishna Kant Singh  aJaipurbAadi Publications c2013 aF-11, S.S.Tower, Dhamani Street, Chaura Rasta, bJaipure302003 axiv,306p.c23cm(Hb)